[Event "BCF-ch"]
[Site "Brighton"]
[Date "1980.08.08"]
[Round "5"]
[White "Cafferty, Bernard"]
[Black "King, Daniel J"]
[Result "0-1"]
[WhiteElo "2305"]
[BlackElo "2330"]

1.Nf3 c5 2.c4 Nf6 3.Nc3 g6 4.e3 Bg7 5.d4 cxd4 6.exd4 d5 7.Be2 O-O 8.O-O Nc6
9.Be3 Bg4 10.Rc1 dxc4 11.Bxc4 Rc8 12.Bb3 Na5 13.d5 Nxb3 14.axb3 Nd7 15.h3 Bxf3
16.Qxf3 Nc5 17.Bxc5 Rxc5 18.d6 exd6 19.Qxb7 Qb8 20.Qxb8 Rxb8 21.Rcd1 Bxc3
22.bxc3 Rxb3 23.Rxd6 a5 24.c4 Rb4 25.Ra6 Rbxc4 26.Kh2 Ra4 27.Rb1 Ra2 28.Rf6 Kg7
29.Rbb6 Rc7 30.Ra6 Kf8 31.Rf3 Rd7 32.g4 Kg7 33.Kg3 Ra1 34.Kg2 h6 35.Rf4 Rb7
36.Ra8 Ra3 37.Ra6 Rb4 38.Rxb4 axb4 39.Rb6 Rb3 40.f3 Rb2+ 41.Kf1 b3 42.h4 Kf8
43.f4 Rb1+ 44.Kg2 b2 45.f5 gxf5 46.gxf5 Ke8 47.f6 Kd7 48.Kh2 Kc7 49.Rb3 Kd6
50.Kg2 Ke5 51.Rb6 Kf5 52.Kh2 Kg4 53.Rb4+ Kh5 54.Kg2 Kg6 55.Rb6 Kf5 56.Kh2 Ke5
57.Kg2 Ke4 58.Rb3 Kf5 59.Rb6 Kg4 60.Rb4+ Kh5 61.Kh2 Rf1 62.Rxb2 Kxh4 63.Rb4+ Kg5
64.Kg3 Kxf6 65.Rb5 Ra1 66.Rc5 Kg6 67.Rc8 Ra3+ 68.Kf4 Ra4+ 69.Kf3 h5 70.Rc6+ f6
71.Rc5 Ra7 72.Kg3 Ra4 73.Rb5 Rg4+ 74.Kh3 Rg5 75.Rb6 Re5 76.Rb8 Kg5 77.Kg2 h4
78.Ra8 Re2+ 79.Kf3 Rb2 80.Rg8+ Kf5 81.Rg1 Rb3+ 82.Kf2 Kf4 83.Ra1 Rb2+ 84.Kg1 f5
85.Ra4+ Kg3 86.Ra3+ Kg4 87.Ra8 f4 88.Rg8+ Kf3 89.Ra8 Rc2 90.Rh8 Rc1+ 91.Kh2 Ke2
92.Rxh4 f3 93.Re4+ Kd3 94.Rf4 Ke3 95.Rf8 f2 96.Re8+ Kd4 97.Rd8+ Ke5 98.Re8+ Kd6
99.Rf8 f1=Q 100.Rxf1 Rxf1  0-1

[Event "IBM-B"]
[Site "Amsterdam"]
[Date "1980.??.??"]
[Round "?"]
[White "Rogoff, Kenneth"]
[Black "Borm, Franciscus WM"]
[Result "1/2-1/2"]
[WhiteElo "2520"]
[BlackElo "2355"]

1.c4 c5 2.Nf3 Nf6 3.Nc3 e6 4.g3 b6 5.Bg2 Bb7 6.O-O Be7 7.d4 cxd4 8.Qxd4 O-O
9.Rd1 d6 10.b3 Nbd7 11.Bb2 a6 12.e4 Qc7 13.Qe3 Rac8 14.Nd4 Rfe8 15.Qe2 Bf8
16.Re1 Qb8 17.Rad1 Ba8 18.Qd3 Red8 19.Qb1 Nc5 20.Re2 g6 21.Ba1 Bg7 22.a4 Qc7
23.Nc2 Ng4 24.h3 Nf6 25.Na3 Qe7 26.Kh2 Ncd7 27.Red2 Ne8 28.Ne2 Bxa1 29.Qxa1 Nc5
30.Qb1 a5 31.Nc3 Bc6 32.Nc2 e5 33.Ne3 Nc7 34.Ncd5  1/2-1/2

[Event "IBM-C"]
[Site "Amsterdam"]
[Date "1980.??.??"]
[Round "?"]
[White "Enklaar, Bertus F"]
[Black "Schiffer, Karl Josef"]
[Result "0-1"]
[WhiteElo "2395"]
[BlackElo "2415"]

1.Nf3 c5 2.c4 Nf6 3.Nc3 e6 4.g3 b6 5.Bg2 Bb7 6.O-O Be7 7.d4 cxd4 8.Qxd4 d6
9.Rd1 a6 10.b3 Nbd7 11.Bb2 O-O 12.e4 Qc7 13.Ne1 Rfd8 14.Nc2 Rac8 15.Rac1 Qb8
16.Re1 Bf8 17.Qd3 Qa8 18.Qe2 Nc5 19.Rcd1 b5 20.b4 Na4 21.Nxa4 bxa4 22.Bxf6 gxf6
23.Ne3 Rc7 24.Qd3 Rdc8 25.h4 Qa7 26.h5 Qb6 27.Qc3 Qb5 28.Qxf6 Qxh5 29.Qd4 Qg5
30.Bf1 Bc6 31.Ng2 Bg7 32.Qd3 Bf8 33.Nh4 Be7 34.Nf3 Qg4 35.Nd4 Bb7 36.Qf3 Qg7
37.Qh5 Bf6 38.Nc2 Be7 39.Rd4 Qg6 40.Qxg6+ hxg6 41.Rd2 Kg7 42.f3 g5 43.Kf2 Rh8
44.Ke3 Kf6 45.Kd3 Bf8 46.Rf2 Ke7 47.Bg2 Bg7 48.Rh1 Rcc8 49.Ne3 Bc6 50.f4 gxf4
51.gxf4 Rxh1 52.Bxh1 Rb8 53.a3 Rh8 54.Bg2 Rh4 55.Nc2 Rg4 56.Ne3 Rg3 57.Bf1 Bh6
58.Bg2 Bg7 59.Bf1 Bh6 60.Bg2 Kd7 61.Rf3 Rxf3 62.Bxf3 Bxf4 63.Bd1 Kc7 64.Bc2 Bd7
65.Ke2 Bg5 66.Kd3 Kd8 67.Ke2 Ke7 68.Bd3 Bf4 69.Kf3 Be5 70.Nd1 f5 71.exf5 exf5
72.Ke2 Kf6 73.Ne3 Bd4 74.b5 axb5 75.cxb5 f4 76.Nc4 d5 77.Na5 Bc5 78.Nc6 Bxa3
79.Bc2 Bc5 80.Kf3 Kg5 81.Bxa4 Bg4+ 82.Kg2 f3+  0-1

[Event "IBM-B"]
[Site "Amsterdam"]
[Date "1980.??.??"]
[Round "?"]
[White "Langeweg, Kick"]
[Black "Borm, Franciscus WM"]
[Result "1/2-1/2"]
[WhiteElo "2425"]
[BlackElo "2355"]

1.Nf3 Nf6 2.c4 c5 3.Nc3 e6 4.g3 b6 5.Bg2 Bb7 6.O-O Be7 7.d4 cxd4 8.Qxd4 O-O
9.b3 d6 10.e4 Nbd7 11.Qe3 a6 12.Nd4 Qc7 13.Bb2 Rfe8 14.Rae1 Bf8 15.Qd2 Rac8
16.Kh1 Qb8 17.Re2 Ba8 18.Rfe1 Nc5 19.f3 Red8 20.Qe3 Re8 21.Qd2 Red8 22.Qe3 Re8
23.Rd2 Nfd7 24.Red1 Nf6 25.Qe2 Ncd7 26.Qf1 Nc5 27.Qe2 Ncd7 28.Qf1 Nc5 29.Qf2 Bb7
30.Re1 Ba8 31.Qe2 Ncd7 32.Nc2 Red8 33.Nd4 Re8 34.Ba1 Bb7 35.Bb2 Ba8  1/2-1/2

[Event "IBM-B"]
[Site "Amsterdam"]
[Date "1980.??.??"]
[Round "?"]
[White "Hofland, Leonard"]
[Black "Panno, Oscar"]
[Result "0-1"]
[WhiteElo "2300"]
[BlackElo "2540"]

1.c4 Nf6 2.Nc3 c5 3.Nf3 b6 4.g3 Bb7 5.Bg2 g6 6.O-O Bg7 7.d4 Ne4 8.Nxe4 Bxe4
9.dxc5 bxc5 10.Ng5 Bxg2 11.Kxg2 Qb6 12.Rb1 a5 13.Be3 d6 14.h4 Qc6+ 15.f3 Nd7
16.Ne4 a4 17.Qd2 Qa6 18.Rfc1 Ne5 19.b3 axb3 20.axb3 O-O 21.Bh6 Qa2 22.Qxa2 Rxa2
23.Bxg7 Kxg7 24.Nc3 Ra7 25.Ra1 Rfa8 26.Ra4 Rxa4 27.Nxa4 Rb8 28.Rc3 Nc6 29.Re3 Kf8
30.h5 Nd4 31.hxg6 hxg6 32.Kf2 Nxb3 33.Nc3 Nd2 34.Nd5 Nxc4 35.Rxe7 Nb6  0-1

[Event "FRG-ch"]
[Site "Bad Neuenahr"]
[Date "1980.??.??"]
[Round "?"]
[White "Kestler, Hans Guenther"]
[Black "Stoll, Joachim"]
[Result "0-1"]
[WhiteElo "2400"]
[BlackElo "2280"]

1.c4 c5 2.Nc3 Nf6 3.Nf3 d5 4.cxd5 Nxd5 5.g3 Nc6 6.Bg2 Nc7 7.O-O e5 8.d3 Be7
9.Nd2 h5 10.Nc4 h4 11.f4 hxg3 12.hxg3 exf4 13.Bxf4 g5 14.Bxc7 Qxc7 15.Qe1 Bh3
16.Qf2 Be6 17.Nd5 Bxd5 18.Bxd5 O-O-O 19.Qg2 Nd4 20.Be4 g4 21.e3 Rh3 22.Rf4 Rxg3
23.exd4 Rxg2+ 24.Kxg2 Qxf4  0-1

[Event "Baerum"]
[Site "Baerum"]
[Date "1980.??.??"]
[Round "9"]
[White "Ogaard, Leif"]
[Black "Cramling, Dan"]
[Result "0-1"]
[WhiteElo "2445"]
[BlackElo "2330"]

1.c4 Nf6 2.Nc3 e6 3.Nf3 c5 4.e3 Be7 5.d4 cxd4 6.exd4 d5 7.Bd3 dxc4 8.Bxc4 O-O
9.O-O Nc6 10.a3 Nd5 11.Bd3 Nxc3 12.bxc3 b6 13.Qc2 g6 14.h4 Bxh4 15.Bb5 Bb7
16.Qe4 Nxd4 17.Qxd4 Bxf3 18.gxf3 Bf6 19.Qxd8 Rfxd8 20.Bb2 Rd5 21.Ba6 Rg5+
22.Kh1 Rh5+ 23.Kg2 Rg5+ 24.Kh3 Ra5 25.Bb7 Rb8 26.Be4 Rc8 27.Rfd1 Bxc3 28.Rac1 Rac5
29.Rxc3 Rxc3 30.Bb7 Rb3 31.Bf6 Rb8 32.a4 Rb4 33.Bc6 a6 34.Rd6 b5 35.a5 Ra4
36.Bc3 Rc8 37.Bd2 Rc7 38.Bh6 f6 39.Rd8+ Kf7 40.Rf8+ Ke7 41.Re8+ Kd6 42.Be4 f5
43.Ba8 Ke5 44.Be3 Rac4 45.f4+ Kf6 46.Bb6 Rc8 47.Rxc8 Rxc8 48.Bb7 Rc3+ 49.Kg2 b4
50.Bxa6 Kf7 51.Bb7 b3 52.Bd4 b2 53.Bxc3 b1=Q 54.a6 g5 55.Be5 g4 56.Bd4 Qb5
57.Be3 h5 58.Bd4 h4 59.Be3 h3+ 60.Kg3 e5 61.fxe5 Qxe5+ 62.Bf4 Qe1 63.Be3 Qg1+
64.Kf4 h2 65.a7 h1=Q 66.a8=Q Qgh2+ 67.Kxf5 Qh5+ 68.Bg5 Qg6+ 69.Kf4 Qh2+ 70.Kxg4 Qhh5+  0-1

[Event "Bajmok"]
[Site "Bajmok"]
[Date "1980.??.??"]
[Round "?"]
[White "Spiridonov, Nikola"]
[Black "Bukic, Enver"]
[Result "0-1"]
[WhiteElo "2470"]
[BlackElo "2500"]

1.Nf3 c5 2.c4 Nf6 3.Nc3 d5 4.cxd5 Nxd5 5.g3 g6 6.d3 Bg7 7.Bd2 Nc6 8.Bg2 O-O
9.O-O b6 10.Qa4 Bb7 11.Nxd5 Qxd5 12.Ng5 Qd7 13.Bc3 h6 14.Nf3 Rfd8 15.Qf4 Rac8
16.Rfc1 Nd4 17.Bxd4 cxd4 18.Ne5 Bxe5 19.Qxe5 f6 20.Qf4 g5 21.Qd2 Bxg2 22.Kxg2 Rc6
23.Rxc6 Qxc6+ 24.Kg1 Rc8 25.Qb4 e5 26.Qe7 Rc7 27.Qd8+ Kg7 28.Rf1 Rf7 29.f4 gxf4
30.gxf4 Kh7 31.Rf3 Rd7 32.Qf8 exf4 33.Kf2 Rg7 34.Rxf4 Qh1 35.Re4 Rg2+ 36.Kf3 Qf1+  0-1

[Event "Berlin tt"]
[Site "Berlin-West"]
[Date "1980.??.??"]
[Round "?"]
[White "Hofland, Leonard"]
[Black "Rupeni, Franco"]
[Result "1/2-1/2"]
[WhiteElo "2300"]
[BlackElo "2270"]

1.c4 Nf6 2.Nc3 c5 3.Nf3 d5 4.cxd5 Nxd5 5.e4 Nb4 6.Bb5+ Bd7 7.a3 Bxb5 8.axb4 Bd3
9.Ne5 Nc6 10.Nxc6 bxc6 11.bxc5 e5 12.b4 Be7 13.Qf3 O-O 14.Nd5 Bb5 15.Nxe7+ Qxe7
16.d3 Rfd8 17.Ra3 Rd4 18.O-O Rxb4 19.Be3 Rd8 20.Qd1 Rxe4 21.dxe4 Rxd1 22.Rxd1 h6
23.Ra2  1/2-1/2

[Event "Berlin tt"]
[Site "Berlin-West"]
[Date "1980.??.??"]
[Round "?"]
[White "Van Baarle, C John"]
[Black "Borik, Otto"]
[Result "0-1"]
[WhiteElo "2340"]
[BlackElo "2390"]

1.c4 Nf6 2.Nc3 c5 3.Nf3 e6 4.g3 b6 5.Bg2 Bb7 6.O-O Be7 7.b3 O-O 8.Bb2 d6
9.d4 cxd4 10.Nxd4 Bxg2 11.Kxg2 Qc7 12.e4 Nbd7 13.Qe2 Rfe8 14.Rad1 a6 15.g4 h6
16.f4 Bf8 17.h4 h5 18.gxh5 Qc5 19.f5 Ne5 20.fxe6 fxe6 21.Na4 Qc7 22.Nf3 b5
23.Nxe5 dxe5 24.cxb5 axb5 25.Nc3 Qb7 26.a4 bxa4 27.bxa4 Bb4 28.Qb5 Qxb5 29.Nxb5 Rxa4
30.Bxe5 Ng4 31.Bf4 Rf8 32.Bg5 Ra2+ 33.Kg3 Nf2 34.Rd8 Nxe4+ 35.Kg4 Rg2+ 36.Kh3 Nxg5+
37.Kxg2 Rxd8 38.hxg5 Rd5 39.Nc7 Rxg5+ 40.Kf3 Kf7 41.Rh1 Bd2 42.Rd1 Rf5+ 43.Kg4 Bh6
44.Rd6 Rg5+ 45.Kh4 Re5 46.Rd7+ Kf8 47.Kg4 Re1 48.Kf3 Bg5 49.Kg4 Bf6 50.Kf3 Re3+
51.Kg4 Re5 52.Kf3 Bg5 53.Kg4 Bf6 54.Kf4 Re1 55.Kf3 Be7 56.Kf2 Re5 57.Kf3 Kf7
58.h6 gxh6 59.Rd4 Rf5+ 60.Kg4 h5+ 61.Kg3 h4+ 62.Kg4 Rg5+ 63.Kh3 Rg3+ 64.Kh2 e5
65.Re4 Rd3 66.Kg2 h3+ 67.Kh2 Bd6 68.Nb5 Bb8 69.Re1 Rb3  0-1

[Event "Berlin tt"]
[Site "Berlin-West"]
[Date "1980.??.??"]
[Round "?"]
[White "Trauth, Michael"]
[Black "Giffard, Nicolas"]
[Result "1/2-1/2"]
[WhiteElo "2200"]
[BlackElo "2300"]

1.Nf3 Nf6 2.c4 c5 3.Nc3 e6 4.g3 b6 5.Bg2 Bb7 6.O-O Be7 7.d4 cxd4 8.Qxd4 d6
9.e4 Nbd7 10.Qe3 a6 11.Nd4 Qc7 12.b3 O-O 13.Bb2 Rfe8 14.Kh1 Bf8 15.f4 Rac8
16.Rae1 Qb8 17.Qd2 Qa8 18.Re2 Red8 19.Ba1 Nc5 20.Rfe1 d5 21.cxd5 exd5 22.e5 Nfe4
23.Nxe4 dxe4 24.Qe3 Nd3 25.Rf1 Bc5 26.b4 Nxb4 27.f5 Bxd4 28.Bxd4 Nc2 29.Rxc2 Rxc2
30.e6 fxe6 31.fxe6 Rc4 32.Bxg7 Kxg7 33.Qg5+ Kh8 34.Qf6+ Kg8 35.e7 Rdc8 36.Qg5+ Kh8
37.Qh6 Kg8 38.Qe6+ Kh8 39.Qf6+ Kg8 40.Qf7+ Kh8 41.Qf6+  1/2-1/2

[Event "Berlin tt"]
[Site "Berlin-West"]
[Date "1980.??.??"]
[Round "?"]
[White "Fries Nielsen, Niels Jorgen"]
[Black "Goldenberg, Richard"]
[Result "1/2-1/2"]
[WhiteElo "2315"]
[BlackElo "2365"]

1.Nf3 Nf6 2.c4 c5 3.Nc3 e6 4.g3 b6 5.Bg2 Bb7 6.O-O Be7 7.b3 O-O 8.Bb2 d6
9.d4 cxd4 10.Qxd4 a6 11.Rfd1 Nbd7 12.Rac1 Qb8 13.Ng5 Bxg2 14.Kxg2 Qb7+ 15.f3 Rfd8
16.Qe3 Re8 17.Qf4 Rad8 18.Nge4 d5 19.Nd6 Bxd6 20.Qxd6 Nc5 21.Qe5 dxc4 22.bxc4 Qc6
23.Rxd8 Rxd8 24.Rd1 Rxd1 25.Nxd1 Ncd7 26.Qc3 h6  1/2-1/2

[Event "Biel"]
[Site "Biel"]
[Date "1980.??.??"]
[Round "?"]
[White "Wirthensohn, Heinz"]
[Black "Gruenfeld, Yehuda"]
[Result "1-0"]
[WhiteElo "2425"]
[BlackElo "2455"]

1.c4 Nf6 2.Nc3 e6 3.Nf3 c5 4.e3 Be7 5.d4 O-O 6.d5 exd5 7.cxd5 d6 8.Be2 Re8
9.Nd2 Bf8 10.e4 b6 11.O-O Ba6 12.a4 Bxe2 13.Qxe2 a6 14.b3 Nbd7 15.Bb2 Qb8
16.f4 Qb7 17.Qf3 b5 18.a5 Re7 19.g4 b4 20.Nd1 Rae8 21.Nf2 c4 22.bxc4 Nc5
23.Rfe1 Nfd7 24.g5 f5 25.gxf6 gxf6 26.Kh1 Bg7 27.Rg1 Kh8 28.Rg3 Qc7 29.Rag1 Qxa5
30.Qg2 Rg8 31.Ng4 Qd8 32.Nxf6 Nxf6 33.Bxf6 Qf8 34.Bxe7 Qxe7 35.e5 a5 36.Ne4 Nxe4
37.Qxe4 a4 38.c5 a3 39.cxd6 Qa7 40.Qxb4 a2 41.Qa3 Qf2 42.Rxg7  1-0

[Event "Budapest"]
[Site "Budapest"]
[Date "1980.??.??"]
[Round "?"]
[White "Uhlmann, Wolfgang"]
[Black "Zsinka, Laszlo"]
[Result "1-0"]
[WhiteElo "2510"]
[BlackElo "2305"]

1.c4 c5 2.Nf3 Nf6 3.Nc3 e6 4.g3 b6 5.Bg2 Bb7 6.d4 cxd4 7.Qxd4 Be7 8.O-O d6
9.b3 O-O 10.Rd1 a6 11.Ba3 Ne8 12.Qe3 Nd7 13.Nd4 Bxg2 14.Kxg2 Rc8 15.f4 Nc5
16.Rac1 Nf6 17.Qf3 Qc7 18.b4 Ncd7 19.b5 a5 20.Nc6 Nc5 21.Bxc5 bxc5 22.Rd3 Rfe8
23.Rcd1 Bf8 24.e4 e5 25.fxe5 dxe5 26.Nd5  1-0

[Event "HUN-ch"]
[Site "Budapest"]
[Date "1980.??.??"]
[Round "?"]
[White "Vadasz, Laszlo"]
[Black "Schneider, Attila"]
[Result "1/2-1/2"]
[WhiteElo "2500"]
[BlackElo "2325"]

1.Nf3 c5 2.c4 Nf6 3.Nc3 e6 4.e3 Nc6 5.d4 d5 6.cxd5 exd5 7.Bb5 Bd6 8.O-O O-O
9.dxc5 Bxc5 10.b3 a6 11.Bxc6 bxc6 12.Bb2 Bg4 13.Rc1 Qd6 14.Ne2 Ne4 15.Ng3  1/2-1/2

[Event "HUN-ch"]
[Site "Budapest"]
[Date "1980.??.??"]
[Round "?"]
[White "Sapi, Laszlo"]
[Black "Karsa, Laszlo"]
[Result "1-0"]
[WhiteElo "2375"]
[BlackElo "2340"]

1.Nf3 c5 2.c4 Nf6 3.Nc3 e6 4.g3 d5 5.cxd5 Nxd5 6.Bg2 Nc6 7.O-O Be7 8.d4 O-O
9.Nxd5 exd5 10.b3 Re8 11.Bb2 Bf6 12.Rc1 cxd4 13.Nxd4 Bg4 14.Nxc6 bxc6 15.Bxf6 Qxf6
16.Re1 Re6 17.Qd2 Rae8 18.Bf1 h5 19.h3 Bf5 20.b4 Be4 21.h4 Qe7 22.Red1 Rg6
23.Kh2 Rf6 24.Qd4 g5 25.hxg5 Rf5 26.f3 Qxg5 27.fxe4 Rxe4 28.Qg1 Qf6 29.Bg2 Rxe2
30.Rf1 h4 31.g4 Qe5+ 32.Kh1 Qg3 33.gxf5  1-0

[Event "HUN-ch"]
[Site "Budapest"]
[Date "1980.??.??"]
[Round "?"]
[White "Sapi, Laszlo"]
[Black "Horvath, Tamas"]
[Result "1/2-1/2"]
[WhiteElo "2375"]
[BlackElo "2350"]

1.Nf3 c5 2.c4 Nf6 3.Nc3 e6 4.g3 b6 5.Bg2 Bb7 6.O-O Be7 7.Re1 O-O 8.e4 d6
9.d4 cxd4 10.Nxd4 Qc8 11.b3 Nbd7 12.Bb2 a6  1/2-1/2

[Event "Budapest"]
[Site "Budapest"]
[Date "1980.??.??"]
[Round "?"]
[White "Dorfman, Josif D"]
[Black "Zsinka, Laszlo"]
[Result "1-0"]
[WhiteElo "2540"]
[BlackElo "2305"]

1.c4 c5 2.Nf3 Nf6 3.Nc3 e6 4.g3 b6 5.Bg2 Bb7 6.O-O Be7 7.b3 O-O 8.Bb2 d6
9.d3 Nbd7 10.e4 a6 11.Qe2 Qc7 12.d4 cxd4 13.Nxd4 Rfd8 14.Rad1 Rac8 15.f4 Bf8
16.g4 e5 17.Nf5 exf4 18.g5 Ne8 19.Nd5 Bxd5 20.exd5 Ne5 21.Rxf4 f6 22.Nd4 Qe7
23.Ne6 Ng6 24.Re4 Ne5 25.Rf1 b5 26.c5 Qa7 27.Bd4 Qe7 28.c6 Nc7 29.gxf6 gxf6
30.Nxd8 Rxd8 31.Qh5 Ne8 32.Qf5 Bg7 33.Re3  1-0

[Event "Budapest"]
[Site "Budapest"]
[Date "1980.??.??"]
[Round "?"]
[White "Ghitescu, Theodor"]
[Black "Kristiansen, Jens"]
[Result "1/2-1/2"]
[WhiteElo "2460"]
[BlackElo "2430"]

1.c4 Nf6 2.Nc3 c5 3.Nf3 e6 4.e3 d5 5.d4 Nc6 6.a3 a6 7.cxd5 exd5 8.Be2 cxd4
9.Nxd4 Bd6 10.b4 O-O 11.Bb2 Re8 12.O-O Bc7 13.Rc1 Qd6 14.g3 Bh3 15.Re1 Qd7
16.Na4 Ne4 17.Nc5 Nxc5 18.Rxc5 Bb6 19.Rc1 Ne5 20.Nf3 Nc6 21.Nd4 Ne5 22.Nf3 Nc6
23.Nd4  1/2-1/2

[Event "HUN-ch"]
[Site "Budapest"]
[Date "1980.??.??"]
[Round "?"]
[White "Horvath, Tamas"]
[Black "Schneider, Attila"]
[Result "1-0"]
[WhiteElo "2350"]
[BlackElo "2325"]

1.Nf3 c5 2.c4 Nf6 3.Nc3 e6 4.g3 b6 5.Bg2 Bb7 6.O-O Be7 7.d4 cxd4 8.Qxd4 d6
9.Rd1 a6 10.Ng5 Bxg2 11.Kxg2 Nc6 12.Qf4 Ra7 13.Nge4 Rd7 14.Be3 O-O 15.Nxf6+ Bxf6
16.Na4 b5 17.Nb6 Be5 18.Qe4 Rc7 19.f4 Bxb2 20.Rab1 Bf6 21.cxb5 axb5 22.Rxb5 d5
23.Qb1 Ne7 24.Bc5 Nf5 25.Nxd5 exd5 26.Qxf5 Re8 27.e4 Qa8 28.Qxd5 Qa4 29.Bf2 Rc2
30.Ra5 Qb4 31.Ra8 Rxa8 32.Qxa8+ Qf8 33.Qd5 Qb4 34.Rb1 Qf8 35.e5 Be7 36.Kg1 h6
37.a4 Qc8 38.Rb7 Qa8 39.Rd7 Qa6 40.Qd3 Qc6 41.Qd5 Qa6 42.Qb5 Qg6 43.Rxe7 Qe4
44.Re8+ Kh7 45.Qf1 Qc6 46.Rd8  1-0

[Event "Buenos Aires"]
[Site "Buenos Aires"]
[Date "1980.??.??"]
[Round "?"]
[White "Hort, Vlastimil"]
[Black "Browne, Walter S"]
[Result "1/2-1/2"]
[WhiteElo "2595"]
[BlackElo "2540"]

1.c4 c5 2.Nf3 Nf6 3.Nc3 e6 4.g3 b6 5.Bg2 Bb7 6.O-O Be7 7.d4 cxd4 8.Qxd4 d6
9.b3 Nbd7 10.Bb2 a6 11.Rfd1 O-O 12.Ng5 Bxg2 13.Kxg2 Qc7 14.Nge4 Qc6 15.f3 Rfd8
16.Rac1 Nc5 17.Nxc5 bxc5 18.Qf4 d5 19.cxd5 exd5 20.e4 dxe4 21.fxe4 Qe6 22.Qf5 Qxf5
23.exf5 Ng4 24.Rxd8+ Rxd8 25.Ne4 Ne3+ 26.Kh3 Nxf5 27.Ba3 Rd4 28.Re1 g5 29.Bb2 Rd3
30.Nxg5 Rd2 31.Bc3 Rc2 32.Re5 f6 33.Rxf5 fxg5 34.Bf6 Bxf6 35.Rxf6 Rxa2 36.Rf5 g4+  1/2-1/2

[Event "Buenos Aires"]
[Site "Buenos Aires"]
[Date "1980.??.??"]
[Round "?"]
[White "Karpov, Anatoly"]
[Black "Browne, Walter S"]
[Result "1/2-1/2"]
[WhiteElo "2725"]
[BlackElo "2540"]

1.c4 c5 2.Nf3 Nf6 3.Nc3 e6 4.g3 b6 5.Bg2 Bb7 6.O-O Be7 7.d4 cxd4 8.Qxd4 d6
9.Rd1 a6 10.b3 Nbd7 11.Bb2 O-O 12.e4 Rc8 13.Nd2 Bc6 14.a4 Qc7 15.h3 Rfe8
16.Re1 Bf8 17.Kh1 Bb7 18.Ba3 Nc5 19.b4 Ncd7 20.f4 Red8 21.Rac1 g6 22.Qf2 Bg7
23.Bb2 Qb8 24.Rb1 Ne8 25.Ne2 Bxb2 26.Rxb2 Qa8  1/2-1/2

[Event "Buenos Aires"]
[Site "Buenos Aires"]
[Date "1980.??.??"]
[Round "?"]
[White "Panno, Oscar"]
[Black "Giardelli, Sergio C"]
[Result "1/2-1/2"]
[WhiteElo "2540"]
[BlackElo "2300"]

1.c4 Nf6 2.Nc3 c5 3.Nf3 b6 4.e4 d6 5.d4 cxd4 6.Nxd4 Bb7 7.f3 e6 8.Be2 Be7
9.O-O O-O 10.Be3 a6 11.Qe1 Nbd7 12.Qf2 Re8 13.Rfd1 Bf8 14.Kh1 Rc8 15.Nb3 Qc7
16.Bd4 Bc6 17.Bf1 Qb8 18.a4 a5 19.Nb5 g6 20.Bc3 d5 21.exd5 exd5 22.N3d4 dxc4
23.Bxc4 Bd5 24.Bxd5 Nxd5 25.Nc6 Rxc6 26.Rxd5 Nf6 27.Rd3 Qf4 28.Qd4  1/2-1/2

[Event "Candidats sf2"]
[Site "Buenos Aires"]
[Date "1980.??.??"]
[Round "11"]
[White "Kortschnoj, Viktor"]
[Black "Polugaevsky, Lev"]
[Result "1/2-1/2"]
[WhiteElo "2695"]
[BlackElo "2635"]

1.c4 e6 2.Nc3 c5 3.Nf3 Nf6 4.g3 b6 5.Bg2 Bb7 6.O-O Be7 7.d4 cxd4 8.Qxd4 d6
9.b3 O-O 10.Bb2 a6 11.Rfd1 Nbd7 12.Qd2 Qc7 13.Nd4 Bxg2 14.Kxg2 Qb7+ 15.f3 Ne5
16.e4 Rfc8 17.Qe2 Nc6 18.Nxc6 Rxc6 19.Rd2 Rb8 20.Nd1 b5 21.Ne3 Ne8 22.Rad1 Bg5
23.f4 Bd8 24.Qf3 Ba5 25.Re2 Bb6 26.Bd4 Bxd4 27.Rxd4 Rc5 28.Red2 Rbc8 29.g4 Qe7
30.g5 f6 31.gxf6 Qxf6 32.Qg3 Qf7 33.e5 bxc4 34.exd6 c3 35.Rc2 Rd8 36.Nc4 Rd5
37.Rxd5 exd5 38.Ne5 Qf5 39.Rxc3 Nxd6 40.Rc7 Ne8 41.Re7  1/2-1/2

[Event "Bugojno"]
[Site "Bugojno"]
[Date "1980.??.??"]
[Round "1"]
[White "Polugaevsky, Lev"]
[Black "Gligoric, Svetozar"]
[Result "1/2-1/2"]
[WhiteElo "2635"]
[BlackElo "2565"]

1.c4 c5 2.Nf3 Nf6 3.Nc3 e6 4.g3 d5 5.cxd5 exd5 6.d4 Nc6 7.Bg2 Be7 8.O-O O-O
9.Bg5 cxd4 10.Nxd4 h6 11.Be3 Re8 12.Qa4 Bd7 13.Rad1 Bf8 14.Qb3 Na5 15.Qc2 Rc8
16.Qd3 Bg4 17.h3 Bh5 18.Nf5 Nc4 19.Bc1 Nb6 20.g4 Bg6 21.Be3 Nc4 22.Bc1 Nb6
23.a3  1/2-1/2

[Event "Bugojno"]
[Site "Bugojno"]
[Date "1980.??.??"]
[Round "10"]
[White "Hort, Vlastimil"]
[Black "Tal, Mihail"]
[Result "1/2-1/2"]
[WhiteElo "2595"]
[BlackElo "2705"]

1.c4 Nf6 2.Nc3 c5 3.Nf3 e6 4.e4 Nc6 5.Be2 d5 6.exd5 exd5 7.d4 Be7 8.Be3 cxd4
9.Nxd4 O-O 10.Nxc6 bxc6 11.O-O Be6 12.cxd5 Nxd5 13.Nxd5 Bxd5 14.Bf3 Bf6 15.Bxd5 Qxd5
16.Qxd5 cxd5 17.Rfd1 Bxb2 18.Rab1 Rfb8 19.Rxd5 Bd4 20.Rxb8+ Rxb8 21.h3 Bxe3
22.fxe3 Kf8 23.Rd7 Re8 24.Kf2 Re7 25.Rd8+ Re8 26.Rd7 Re7 27.Rd8+ Re8 28.Rd7  1/2-1/2

[Event "GER-W chT 7980"]
[Site "Germany"]
[Date "1980.??.??"]
[Round "?"]
[White "Kavalek, Lubomir"]
[Black "Niklasson, Christer"]
[Result "1-0"]
[WhiteElo "2600"]
[BlackElo "2395"]

1.c4 c5 2.Nf3 Nf6 3.Nc3 b6 4.d4 cxd4 5.Nxd4 Bb7 6.Bg5 d6 7.Bxf6 gxf6 8.e4 Nc6
9.Nc2 f5 10.exf5 Bg7 11.Ne3 Bxc3+ 12.bxc3 Qd7 13.Qh5 Rf8 14.Be2 O-O-O 15.O-O Kb8
16.Rfd1 Ka8 17.Bf3 Rc8 18.c5 bxc5 19.Nc4 f6 20.Rab1 Rc7 21.Qxh7 Nd8 22.Bxb7+ Nxb7
23.Ne3 e5 24.Qxd7 Rxd7 25.h4 Kb8 26.Rb3 Kc8 27.Ra3 Kb8 28.Ra6 Rfd8 29.Nd5 Rf7
30.g3 Rh8 31.Kg2 Rh5 32.Ne3  1-0

[Event "EU-ch U20"]
[Site "Groningen"]
[Date "1980.??.??"]
[Round "7"]
[White "Leski, Marc"]
[Black "Arnason, Jon L"]
[Result "0-1"]
[WhiteElo "2210"]
[BlackElo "2435"]

1.Nf3 c5 2.c4 Nf6 3.Nc3 d5 4.cxd5 Nxd5 5.g3 Nc6 6.Bg2 Nc7 7.O-O g6 8.d3 Bg7
9.Be3 b6 10.Qd2 O-O 11.Bh6 Rb8 12.a3 a5 13.Rac1 Bb7 14.Rfd1 e5 15.Na2 Qe7
16.Bxg7 Kxg7 17.b4 axb4 18.axb4 cxb4 19.Rc4 Na6 20.Rdc1 Rfc8 21.Qb2 f6 22.Bh3 Rc7
23.Ne1 b5 24.R4c2 Rd8 25.Bg2 Rdc8 26.Bh3 f5 27.Nf3 Qd6 28.Bg2 Kf6 29.d4 Nxd4
30.Nxd4 Qxd4 31.Qxd4 exd4 32.Rxc7 Rxc7 33.Bxb7 b3 34.Rd1 bxa2 35.Bxa6 b4
36.Bd3 b3 37.Ra1 Rc3  0-1

[Event "Krasnodar"]
[Site "Krasnodar"]
[Date "1980.??.??"]
[Round "?"]
[White "Podgaets, Mikhail"]
[Black "Arbakov, Valentin"]
[Result "1/2-1/2"]
[WhiteElo "2450"]
[BlackElo "2445"]

1.Nf3 c5 2.c4 Nf6 3.Nc3 d5 4.cxd5 Nxd5 5.g3 Nc6 6.Bg2 g6 7.O-O Bg7 8.Nxd5 Qxd5
9.d3 O-O 10.Be3 Qh5 11.Rc1 b6 12.Ng5 Nd4 13.Bxd4 Bxd4 14.Bxa8 Qxg5 15.b3 Rd8
16.Bg2 h5 17.h4 Qf6 18.Qd2 Bg4 19.Rc2 Qd6 20.a3 a5 21.Rb1 Be6 22.b4 a4 23.e3 Bf6
24.bxc5 bxc5 25.Qc1 Qxd3 26.Rxc5 Bb3 27.Bf1 Qe4 28.Bc4 Rd1+ 29.Qxd1 Bxd1
30.Rxd1 Kg7 31.Be2 Bb2 32.Rc4 Qf5 33.Rd3 Qa5 34.Bf1 Be5 35.Rd1 Bb2 36.Rd3 Be5  1/2-1/2

[Event "Malta ol (Men)"]
[Site "La Valetta"]
[Date "1980.??.??"]
[Round "?"]
[White "Robatsch, Karl"]
[Black "Garcia, Gildardo"]
[Result "1-0"]
[WhiteElo "2440"]
[BlackElo "2440"]

1.c4 Nf6 2.Nf3 c5 3.Nc3 e6 4.g3 b6 5.Bg2 Bb7 6.O-O Be7 7.d4 cxd4 8.Qxd4 d6
9.Rd1 a6 10.Ng5 Bxg2 11.Kxg2 O-O 12.Nce4 Ra7 13.Nxf6+ Bxf6 14.Qg4 Qc7 15.Qe4 g6
16.Bf4 Rd8 17.Rd2 Nc6 18.Rad1 Ne5 19.b3 b5 20.Nf3 Nxf3 21.Qxf3 Be7 22.c5 Qxc5
23.Be3 Qc7 24.Bxa7 Qxa7 25.Rc2 Kg7 26.Qc3+ Bf6 27.Qc7 Qa8+ 28.Qc6 d5 29.Qxa8 Rxa8
30.Rdc1 a5 31.Rc8 Ra6 32.R1c6 Ra7 33.R8c7 Ra8 34.Rxe6  1-0

[Event "Malta ol (Men)"]
[Site "La Valetta"]
[Date "1980.??.??"]
[Round "?"]
[White "Spassov, Liuben"]
[Black "Ftacnik, Lubomir"]
[Result "0-1"]
[WhiteElo "2450"]
[BlackElo "2470"]

1.Nf3 Nf6 2.c4 c5 3.Nc3 e6 4.e3 a6 5.d4 d5 6.cxd5 exd5 7.Be2 Nc6 8.O-O Bd6
9.dxc5 Bxc5 10.b3 O-O 11.Bb2 Qd6 12.Rc1 Rd8 13.Qc2 Ba7 14.Rfd1 Bg4 15.Ng5 d4
16.Nxh7 Nb4 17.Qb1 Nfd5 18.Ne4 Bf5 19.Nxd6 Bxb1 20.Rxb1 Rxd6 21.Ng5 dxe3
22.f3 Rg6 23.h4 Nf4 24.Kf1 Re8 25.a3 Nbd5 26.g3 Nxe2 27.Kxe2 Ne7 28.Bd4 Bxd4
29.Rxd4 Nf5 30.Rg4 Rc6 31.Rb2 Rd6 32.Ne4 Rc6 33.Rg5 g6 34.g4 Nxh4 35.Rc5 Rxc5
36.Nxc5 Ng2 37.Ne4 Kg7 38.g5 Rc8 39.b4 Rc1 40.Kd3  0-1

[Event "Malta ol (Men)"]
[Site "La Valetta"]
[Date "1980.??.??"]
[Round "?"]
[White "Ree, Hans"]
[Black "Petursson, Margeir"]
[Result "0-1"]
[WhiteElo "2520"]
[BlackElo "2425"]

1.c4 c5 2.Nf3 Nf6 3.Nc3 e6 4.g3 Nc6 5.Bg2 Be7 6.O-O O-O 7.e4 d5 8.cxd5 exd5
9.e5 Ne4 10.Re1 Bf5 11.d3 Nxc3 12.bxc3 d4 13.c4 Qd7 14.Qb3 Rab8 15.Bf4 Be6
16.Qb5 Qd8 17.Qb1 a6 18.h4 b5 19.Ng5 Bxg5 20.Bxg5 Qc7 21.Qc1 Nxe5 22.Bf4 f6
23.Bxe5 fxe5 24.f4 bxc4 25.Rxe5 Bf7 26.dxc4 Rb4 27.Bf1 Qc6 28.Qd1 Bxc4 29.Bg2 Qd6
30.Rc1 d3 31.Rxc4 Rxc4 32.Bd5+ Kh8 33.Bxc4 Qd4+ 34.Kg2 Qxc4 35.Qb3 Qxb3 36.axb3 Rd8
37.Re1 d2 38.Rd1 a5 39.Kf2 a4 40.bxa4 c4  0-1

[Event "Malta ol (Men)"]
[Site "La Valetta"]
[Date "1980.??.??"]
[Round "?"]
[White "Ivkov, Borislav"]
[Black "Arnason, Jon L"]
[Result "1/2-1/2"]
[WhiteElo "2530"]
[BlackElo "2435"]

1.Nf3 c5 2.c4 Nf6 3.Nc3 d5 4.cxd5 Nxd5 5.e3 Nxc3 6.bxc3 g6 7.d4 Bg7 8.Be2 O-O
9.O-O Qc7 10.Ba3 Nd7 11.Bb5 b6 12.Re1 Rd8 13.Qe2  1/2-1/2